00492pam a2200133 a 4500020000500000041000500005245012000010250001000130260002500140300001700165930000900182999001900191952014800210 c h aThe Art of Cartooning Illustration& AnimationbThe Art of Cartooning Illustration& AnimationhTextual Documents a1998. a[s.l]:bWater foster a144:bpaper. a3073 c236863d236863 001040708Text BooksaFAPbFAPd2016-08-08eBhararti Sahakari Grahak Bhandarg1150.00l0o pFAP-3073r2023-03-07 00:00:00t1w2023-03-07yBK